| 000 | 00555 a2200169 4500 | ||
|---|---|---|---|
| 001 | 068390 | ||
| 003 | OSt | ||
| 005 | 20220217101409.0 | ||
| 008 | |||
| 082 |
_a510 _bW15B |
||
| 100 | 1 | _aWallis, W.D. | |
| 245 | 1 |
_aA beginner's guide to discrete mathematics _cby W.D. Wallis |
|
| 260 |
_aBoston _bBirkhauser _c2008 |
||
| 300 | _a367p. | ||
| 653 | _aMathematics; Computer science--Mathematics; Logic, Symbolic and mathematical; Mathematical statistics; Combinatorial analysis; Computational complexity | ||
| 942 |
_2ddc _cBK |
||
| 999 |
_c2070 _d2070 |
||